Psychological effects of massacre on survivors of Mbau village, north Kivu, Democratic Republic of Congo

Guardado en:
Detalles Bibliográficos
Autor principal: Katuka, Patient Muhathikani (Autor)
Formato: Libro
Lenguaje:inglés
Publicado: Nairobi Daystar University 2023
Materias:
Etiquetas: Agregar Etiqueta
Sin Etiquetas, Sea el primero en etiquetar este registro!

MARC

LEADER 00000nam a22000007a 4500
003 OSt
005 20241031132949.0
008 241031b |||||||| |||| 00| 0 eng d
040 |a DUL  |c DUL  |d GKanini 
050 |a RC361.K4K38 2023 
100 |a Katuka, Patient Muhathikani  |e author 
245 |a Psychological effects of massacre on survivors of Mbau village, north Kivu, Democratic Republic of Congo  |c by Patient Muhathikani Katuka 
260 |a Nairobi   |b Daystar University   |c  2023 
300 |a xi, 95 p  |b ill 
500 |a A thesis presented to the School of Applied Human Sciences of Daystar University Nairobi, Kenya in partial fulfillment of the requirements for the degree of Master of Arts in Counselling Psychology 
650 |a trauma 
650 |a war  |x psychological effcts 
942 |2 lcc  |c THES  |h RC361  |i .K4K38  |k THES  |m  2023  |6 RC0361 K4 K38 
952 |0 0  |1 0  |2 lcc  |4 0  |6 RC0361 K4 K38  |7 0  |8 AFR  |9 142377  |a DUN  |b DUN  |c AFR  |d 2024-10-31  |e Daystar University  |g 2500.00  |l 0  |o RC361.K4K38  |p BK0112246  |r 2024-10-31 13:30:53  |w 2024-10-31  |x 112246  |y THES 
952 |0 0  |1 0  |2 lcc  |4 0  |6 RC0361 K4 K38  |7 0  |8 AFR  |9 142378  |a DUA  |b DUA  |c AFR  |d 2024-10-31  |e Daystar University  |g 2500.00  |l 0  |o RC361.K4K38  |p BK0112247  |r 2024-10-31 13:30:53  |w 2024-10-31  |x 112247  |y THES 
999 |c 236113  |d 236112